[Event "SJRP-ch U14 Girls"]
[Site "Germany"]
[Date "2002.04.06"]
[Round "7"]
[White "Biebinger, Eva"]
[Black "Schimanowski, Christine"]
[Result "0-1"]
[WhiteElo "1120"]
[BlackElo "1327"]
[PlyCount "88"]
[EventDate "2002.04.02"]
[EventType "tourn"]
[EventRounds "7"]
[EventCountry "GER"]
[SourceTitle "EXT 2003"]
[Source "ChessBase"]
[SourceDate "2002.11.25"]
[SourceVersion "1"]
[SourceVersionDate "2002.11.25"]
[SourceQuality "1"]

1. e4 e5 2. Nf3 Nc6 3. d4 exd4 4. Nxd4 Nxd4 5. Qxd4 Nf6 6. e5 Ng8 7. Nc3 d6 8. Bc4 Qe7 9. Bf4 f6 10. e6 Bxe6 11. Bxe6 Qxe6+ 12. Qe3 Qxe3+ 13. Bxe3 a6 14. 0-0 Ne7 15. Rae1 Rd8 16. Bf4 Kf7 17. a4 Ng6 18. g3 Nxf4 19. gxf4 d5 20. b4 Bxb4 21. Rb1 Bxc3 22. Rxb7 Ba5 23. Ra7 Rd6 24. c3 Bb6 25. Rxa6 Bxf2+ 26. Kxf2 Rxa6 27. Ra1 Rha8 28. Ke3 Rxa4 29. Rxa4 Rxa4 30. h4 Re4+ 31. Kd3 Rxf4 32. h5 Re4 33. Kd2 f5 34. Kd3 f4 35. c4 Rxc4 36. Ke2 Re4+ 37. Kf3 Re8 38. Kxf4 d4 39. Kg5 d3 40. h6 gxh6+ 41. Kxh6 d2 42. Kxh7 d1Q 43. Kh6 Rg8 44. Kh7 Qh1# 0-1

[Event "SJRP-ch U14 Girls"]
[Site "Germany"]
[Date "2002.04.04"]
[Round "5"]
[White "Weber, Kristina"]
[Black "Schimanowski, Christine"]
[Result "0-1"]
[WhiteElo "1223"]
[BlackElo "1327"]
[PlyCount "58"]
[EventDate "2002.04.02"]
[EventType "tourn"]
[EventRounds "7"]
[EventCountry "GER"]
[SourceTitle "EXT 2003"]
[Source "ChessBase"]
[SourceDate "2002.11.25"]
[SourceVersion "1"]
[SourceVersionDate "2002.11.25"]
[SourceQuality "1"]

1. e4 e5 2. Bc4 Bc5 3. Nf3 Nc6 4. Nxe5 Nxe5 5. d4 Bb4+ 6. c3 Bxc3+ 7. Nxc3 Nxc4 8. Qd3 Nb6 9. 0-0 Nf6 10. Bg5 h6 11. Bh4 d6 12. Qe2 0-0 13. e5 Re8 14. Bxf6 gxf6 15. Qh5 fxe5 16. dxe5 Rxe5 17. Qxh6 Re6 18. Qh5 Rg6 19. Ne4 Bg4 20. Qa5 Qh4 21. Qc3 Bh3 22. Ng3 Nd5 23. Qf3 Be6 24. a3 Rh6 25. h3 Nf4 26. Rfe1 Bd5 27. Ne4 f5 28. g3 Qxh3 29. Qxf4 Qh1# 0-1

[Event "SJRP-ch U14 Girls"]
[Site "Germany"]
[Date "2002.04.03"]
[Round "3"]
[White "Schimanowski, Christine"]
[Black "Schimanowski, Margarita"]
[Result "1-0"]
[WhiteElo "1327"]
[BlackElo "1298"]
[PlyCount "113"]
[EventDate "2002.04.02"]
[EventType "tourn"]
[EventRounds "7"]
[EventCountry "GER"]
[SourceTitle "EXT 2003"]
[Source "ChessBase"]
[SourceDate "2002.11.25"]
[SourceVersion "1"]
[SourceVersionDate "2002.11.25"]
[SourceQuality "1"]

1. e4 e5 2. Nf3 Nc6 3. Nc3 Nf6 4. Bc4 Bc5 5. h3 d6 6. d3 h6 7. Be3 Bb6 8. 0-0 0-0 9. Nd5 Nxd5 10. Bxd5 Be6 11. Bxc6 bxc6 12. a4 a5 13. b3 f5 14. exf5 Bxf5 15. Re1 e4 16. dxe4 Bxe4 17. Nd2 Qf6 18. Nxe4 Qf5 19. Ng3 Qf7 20. Qd2 Rae8 21. Bxb6 cxb6 22. Rxe8 Rxe8 23. Qxd6 Re6 24. Qd8+ Kh7 25. Qxb6 Qf6 26. Rd1 Qc3 27. Qd8 Qxc2 28. Qd3+ Qxd3 29. Rxd3 g5 30. Rc3 Rd6 31. Nf5 Rf6 32. Ne7 h5 33. Rc5 Re6 34. Nxc6 Kg6 35. Nxa5 h4 36. b4 Kh5 37. b5 Re4 38. Rc4 Re5 39. Nc6 Rd5 40. b6 g4 41. hxg4+ Kg5 42. b7 Rd1+ 43. Kh2 Rb1 44. b8Q Rxb8 45. Nxb8 h3 46. Kxh3 Kf6 47. a5 Ke5 48. a6 Kd5 49. Rb4 Kc5 50. Rb1 Kd4 51. a7 Ke5 52. a8Q Kd6 53. Qc6+ Ke5 54. Rb5+ Kd4 55. Rd5+ Ke4 56. Qe6+ Kf4 57. Rf5# 1-0

[Event "GER-ch U12"]
[Site "Willingen"]
[Date "2001.06.06"]
[Round "6"]
[White "Schimanowski, Christine"]
[Black "Gajasow, Arthur"]
[Result "0-1"]
[WhiteElo "1188"]
[BlackElo "1431"]
[PlyCount "60"]
[EventDate "2001.06.03"]
[EventType "swiss"]
[EventRounds "11"]
[EventCountry "GER"]
[SourceTitle "EXT 2003"]
[Source "ChessBase"]
[SourceDate "2002.11.25"]
[SourceVersion "1"]
[SourceVersionDate "2002.11.25"]
[SourceQuality "1"]

1. e4 e5 2. Bc4 Nf6 3. Nc3 Bc5 4. Nf3 Nc6 5. h3 d6 6. d3 h6 7. 0-0 0-0 8. Re1 Re8 9. Be3 Bb6 10. Bxb6 axb6 11. d4 exd4 12. Nxd4 Nxd4 13. Qxd4 Be6 14. Nd5 Nd7 15. Re3 Ne5 16. Rg3 f6 17. Bb3 c6 18. Qxb6 cxd5 19. Qxb7 Re7 20. Qb4 dxe4 21. Bxe6+ Rxe6 22. Qxe4 Qe8 23. Qf4 Kh8 24. a4 Ra5 25. b4 Rxa4 26. Rxa4 Qxa4 27. Qf5 Re8 28. Rb3 Qb5 29. f4 Nf3+ 30. Rxf3 Qxf5 0-1

[Event "GER-ch U12"]
[Site "Willingen"]
[Date "2001.06.05"]
[Round "5"]
[White "Schimanowski, Christine"]
[Black "Schwoebel, Ann Kathrin"]
[Result "1-0"]
[WhiteElo "1188"]
[BlackElo "999"]
[PlyCount "127"]
[EventDate "2001.06.03"]
[EventType "swiss"]
[EventRounds "11"]
[EventCountry "GER"]
[SourceTitle "EXT 2003"]
[Source "ChessBase"]
[SourceDate "2002.11.25"]
[SourceVersion "1"]
[SourceVersionDate "2002.11.25"]
[SourceQuality "1"]

1. e4 c5 2. Nc3 Nc6 3. Nf3 g6 4. d3 Bg7 5. Bd2 Nf6 6. h3 0-0 7. a3 e6 8. Bg5 d5 9. e5 d4 10. exf6 Bxf6 11. Bxf6 Qxf6 12. Ne4 Qe7 13. c3 e5 14. Qd2 Kg7 15. h4 Bg4 16. Be2 Rad8 17. c4 f5 18. Qg5 fxe4 19. Qxe7+ Nxe7 20. Ng5 Bxe2 21. Ne6+ Kg8 22. Kxe2 exd3+ 23. Kxd3 b6 24. Nxd8 Rxd8 25. b4 Rf8 26. f3 Rf4 27. b5 Nf5 28. Rae1 Nxh4 29. Rhg1 Rf5 30. Re4 g5 31. Ke2 h6 32. Kd3 a5 33. bxa6 Rf7 34. Rxe5 Ra7 35. Rge1 Nxg2 36. Re8+ Kf7 37. R1e7+ Rxe7 38. Rxe7+ Kxe7 39. a7 Ne1+ 40. Ke2 Nc2 41. a8Q h5 42. Qa7+ Kf6 43. Qxb6+ Kg7 44. Qxc5 h4 45. Qxg5+ Kf7 46. Qf5+ Ke7 47. Qxc2 h3 48. Qh7+ Kd6 49. Qxh3 Kc5 50. Kd3 Kb6 51. Qe6+ Kc5 52. Qd5+ Kb6 53. Qxd4+ Kc6 54. c5 Kc7 55. Qd6+ Kc8 56. Qe7 Kb8 57. c6 Kc8 58. c7 Kb7 59. Qd8 Ka7 60. c8R Ka6 61. Qd5 Ka7 62. Rc6 Kb7 63. Qd7+ Kb8 64. Rc8# 1-0